Повышение октанового числа прямогонных бензинов; Т. 2

Detalles Bibliográficos
Parent link:Т. 2.— 2002.— С. 269-271.
Autor Principal: Долгих С. М.
Outros autores: Тимофеев М. А.
Idioma:ruso
Publicado: 2002
Subjects:
Formato: MixedMaterials Capítulo de libro
KOHA link:https://koha.lib.tpu.ru/cgi-bin/koha/opac-detail.pl?biblionumber=84870

MARC

LEADER 00000naa2a2200000 4500
001 84870
005 20231031100808.0
035 |a (RuTPU)RU\TPU\book\91202 
090 |a 84870 
100 |a 20051107d2002 k y0rusy50 ca 
101 0 |a rus 
102 |a RU 
200 1 |a Повышение октанового числа прямогонных бензинов  |f С. М. Долгих, М. А. Тимофеев 
320 |a Библиогр.: 2 назв. 
463 0 |0 (RuTPU)RU\TPU\book\48113  |t Т. 2  |v С. 269-271.  |d 2002  |p 366 с. 
610 1 |a бензины 
610 1 |a прямогонные бензины 
610 1 |a нефть 
610 1 |a нефтепроводы 
610 1 |a октановое число 
610 1 |a перегонка 
610 1 |a труды учёных ТПУ 
700 1 |a Долгих  |b С. М. 
701 1 |a Тимофеев  |b М. А. 
801 1 |a RU  |b 63413507  |c 20051107  |g PSBO 
942 |c BK